| 000 | 00875cam a22002655a 4500 | ||
|---|---|---|---|
| 001 | 3337554 | ||
| 005 | 20200421093822.0 | ||
| 008 | 010518r20001982nyu 000 0 eng | ||
| 015 | _aGBA1-30605 | ||
| 016 | 7 |
_a0816637318 _2Uk |
|
| 020 | _a0816637318 | ||
| 035 | _a(UkCU)CU980000055948 | ||
| 035 | _a(Uk)gb A1030605 | ||
| 035 | _a566791 | ||
| 040 |
_aUkCU _cUkCU _dUk |
||
| 100 | 1 |
_aBrooks, Louise, _d1906-1985. |
|
| 245 | 1 | 0 |
_aLulu in Hollywood / _cLouise Brooks ; introduction by Kenneth Tynan. |
| 250 | _aExpanded ed. | ||
| 260 |
_aMinneapolis : _bUniversity of Minnesota Press, _c2000, c1982. |
||
| 300 |
_axlvi, 115p., [40]p. of plates : _bill., ports. ; _c23 cm. |
||
| 500 | _aOriginally published: New York : Knopf, 1982. | ||
| 600 | 1 | 0 |
_aBrooks, Louise, _d1906-1985. |
| 650 | 0 |
_aMotion picture actors and actresses _zUnited States _vBiography. |
|
| 942 |
_2ddc _cBK |
||
| 999 |
_c212 _d212 |
||